Bilecik Bilecik Bilecik Bilecik Bilecik

Mizanu'l-ukul : (Record no. 60022)

MARC details
000 -BAŞLIK
Sabit Uzunluktaki Kontrol Alanı 01981nam a22004817a 4500
001 - KONTROL NUMARASI
Control Dosyası 0060219
003 - KONTROL NUMARASI KİMLİĞİ
Kontrol Alanı KOHA_MİRAKIL
005 - EN SON İŞLEM TARİHİ ve ZAMANI
Kontrol Alanı 20260207004253.0
007 - FİZİKSEL TANIM SABİT ALAN - GENEL BİLGİ
Sabit uzunluklu kontrol alanı ta
008 - SABİT UZUNLUKTAKİ VERİ ÖGELERİ - GENEL BİLGİ
Sabit Alan 170522b2015 tu |||gr||||#||||0|tur |
020 ## - ISBN - ULUSLARARASI STANDART KİTAP NUMARASI
Isbn 9789751738165
040 ## - KATALOGLAMA KAYNAĞI
Özgün Kataloglama Kurumu TR-BiSEU
Kataloglama Dili tur
Çeviri Kurumu TR-BiSEU
Açıklama Kuralları rda
041 0# - DİL KODU
Metin ya da ses kaydının dil kodu tur
044 ## - YAYINLAYAN/ÜRETEN KURULUŞUN ÜLKE KODU
ISO country code tu
050 ## - SINIFLAMA ve YER NUMARASI
Sınıflama Numarası B748.A45
Yer Numarası M59 2015
100 0# - KİŞİ ADI
Yazar Adı (Kişi adı) Ali Sedat Bin Cevdet.
245 1# - ESER ADI BİLDİRİMİ
Başlık Mizanu'l-ukul :
Alt Eseradı vb. mantık ve metodoloji (çeviri yazı - tıpkıbasım)/
Sorumluluk Bildirimi Ali Sedat Bin Cevdet ; Ali Sedad ; yayına hazırlayanlar İbrahim Çapak, Harun Kuşlu, Metin Aydın..
264 #1 - ÜRERİM, YAYIN, DAĞITIM ve TELİF BİLDİRİMİ
Yayın yeri İstanbul :
Yayınlayan Türkiye Yazma Eserler Kurumu Başkanlığı
Yayın tarihi 2015
300 ## - FİZİKSEL TANIMLAMA
Sayfa, Cilt vb. 634 sayfa; 24 cm.
336 ## - İÇERİK TÜRÜ
Content type term metin
Content type code txt
Source rdacontent
337 ## - MEDYA TÜRÜ
Media type term aracısız
Media type code n
Source rdamedia
338 ## - TAŞIYICI TÜRÜ
Carrier type term cilt
Carrier type code nc
Source rdacarrier
490 1# - DİZİ BİLDİRİMİ
Dizi Bildirimi Türkiye Yazma Eserler Kurumu Başkanlığı yayınları ;
Cilt Numarası 63.
490 1# - DİZİ BİLDİRİMİ
Dizi Bildirimi Bilim ve Felsefe serisi ;
Cilt Numarası 26.
500 ## - GENEL NOT
Genel Not Dizin var.
500 ## - GENEL NOT
Genel Not Kitab-ı evvel: Tasavvurat - Kitab-ı sani: Tasdikat - Kitab-ı salis: Usul - Kitab-ı rabi: Safsata - Lahika: Mantığın cebire tatbiki- Muhtıra.
500 ## - GENEL NOT
Genel Not Metin, Türkçe-Osmanlıca paralel.
650 #0 - KONU BAŞLIĞI EK GİRİŞ - KONU TERİMİ
Konusal terim veya coğrafi ad Logic.
9 (RLIN) 25697
650 #0 - KONU BAŞLIĞI EK GİRİŞ - KONU TERİMİ
Konusal terim veya coğrafi ad Mantık.
9 (RLIN) 35159
650 #0 - KONU BAŞLIĞI EK GİRİŞ - KONU TERİMİ
Konusal terim veya coğrafi ad Islamic philosophy--Early works to 1800.
9 (RLIN) 75260
650 #0 - KONU BAŞLIĞI EK GİRİŞ - KONU TERİMİ
Konusal terim veya coğrafi ad İslam felsefesi--1800'den önceki çalışmalar.
9 (RLIN) 75259
650 #0 - KONU BAŞLIĞI EK GİRİŞ - KONU TERİMİ
Konusal terim veya coğrafi ad Mathematics--History.
9 (RLIN) 39411
650 #0 - KONU BAŞLIĞI EK GİRİŞ - KONU TERİMİ
Konusal terim veya coğrafi ad Matematik--Tarih.
9 (RLIN) 12735
650 #0 - KONU BAŞLIĞI EK GİRİŞ - KONU TERİMİ
Konusal terim veya coğrafi ad Logic--Turkey--History--Sources.
9 (RLIN) 111281
650 #0 - KONU BAŞLIĞI EK GİRİŞ - KONU TERİMİ
Konusal terim veya coğrafi ad Mantık--Türkiye--Tarih--Kaynaklar.
9 (RLIN) 111282
650 #0 - KONU BAŞLIĞI EK GİRİŞ - KONU TERİMİ
Konusal terim veya coğrafi ad Islamic philosophy--Turkey--History.
9 (RLIN) 82943
650 #0 - KONU BAŞLIĞI EK GİRİŞ - KONU TERİMİ
Konusal terim veya coğrafi ad İslam felsefesi--Türkiye--Tarih.
9 (RLIN) 111283
650 #0 - KONU BAŞLIĞI EK GİRİŞ - KONU TERİMİ
Konusal terim veya coğrafi ad Mathematics--Turkey--History.
9 (RLIN) 111284
650 #0 - KONU BAŞLIĞI EK GİRİŞ - KONU TERİMİ
Konusal terim veya coğrafi ad Matematik--Türkiye--Tarih.
9 (RLIN) 111285
830 1# - SERİ EK GİRİŞİ - TEKBİÇİM ESER ADI
Tekbiçim Başlık Türkiye Yazma Eserler Kurumu Başkanlığı yayınları ;
Volume number/sequential designation 63.
9 (RLIN) 84004
830 1# - SERİ EK GİRİŞİ - TEKBİÇİM ESER ADI
Tekbiçim Başlık Bilim ve Felsefe serisi ;
Volume number/sequential designation 26.
9 (RLIN) 87939
856 40 - ELEKTRONİK YER ve ERİŞİM
Kaynak Tanımlayıcı (URL) <a href="http://www.ekitap.yek.gov.tr/Home/Show2?BOOK_NO=63">http://www.ekitap.yek.gov.tr/Home/Show2?BOOK_NO=63</a>
942 ## - EK GİRİŞ ÖGELERİ (KOHA)
Source of classification or shelving scheme Library of Congress Classification
Koha item type Book
Holdings
Materyal Türü Kalıcı Konum Mevcut Konum Raf Yeri Sınıflandırma Kaynağı Edinim Bilgisi Ana Konular Alt Konular Yer Numarası Demirbaş Numarası Fatura Tarihi Geri Çekilme Durumu Kayıp Durumu Hasarlı Durumu Kredi için değil Kayıt Tarih Toplam Ödünçverme Son Görülme Tarihi Son Kontrol Tarihi Genel / Bağış Notu
Book Prof. Dr. Azmi Özcan Kütüphanesi Prof. Dr. Azmi Özcan Kütüphanesi Uluğbey Salonu Library of Congress Classification Bağış FELSEFE, PSİKOLOJİ, DİN Felsefe (Genel) B748.A45 M59 2015 0060219 02/02/2026         22/05/2017   05/12/2024 05/12/2024 Türkiye Yazma Eserler Kurumu Başkanlığı